logo

Bir Sreshtho Munshi Abdur Rouf Library
Jhenaidah Cadet College

রাজশাহীর ছড়া / (Record no. 3860)

MARC details
000 -LEADER
fixed length control field 00725nam a2200229 a 4500
001 - CONTROL NUMBER
JCCL Control Number 3860
003 - CONTROL NUMBER IDENTIFIER
JCCL marc code BD-JhCC
005 - DATE AND TIME OF LATEST TRANSACTION
control field 20171119162418.0
008 - FIXED-LENGTH DATA ELEMENTS--GENERAL INFORMATION
fixed length control field 171119s1370 bg |||| ||a| 000 0 ben d
035 ## - SYSTEM CONTROL NUMBER
system control number (BD-JhCC)3860
040 ## - CATALOGING SOURCE
Original cataloging agency BD-JhCC
Modifying agency BD-JhCC
041 ## - LANGUAGE CODE
Language code of Book ben
082 ## - DEWEY DECIMAL CLASSIFICATION NUMBER
Classification number 398.09
Author mark and Year RAJ 1370
100 ## - MAIN ENTRY--PERSONAL NAME
Personal name রাজশাহীর ছড়া
245 ## - TITLE STATEMENT
Title রাজশাহীর ছড়া /
Statement of responsibility, etc আলমগীর জলীল সম্পাদিত
260 ## - PUBLICATION, DISTRIBUTION, ETC. (IMPRINT)
Place of publication, distribution, etc ঢাকা :
Name of publisher, distributor, etc বাংলা একাডেমী,
Date of publication, distribution, etc 1370
300 ## - PHYSICAL DESCRIPTION
Pagination 85 p. :
Dimensions 22 cm.
650 ## - SUBJECT ADDED ENTRY--TOPICAL TERM
Topical term or geographic name as entry element Folk-Rhymes
General subdivision Rajshahi
700 ## - ADDED ENTRY--PERSONAL NAME
Personal name জলীল, আলমগীর সম্পাদিত
942 ## - ADDED ENTRY ELEMENTS (KOHA)
Source of classification or shelving scheme Dewey Decimal Classification
Koha item type Books
Holdings
Source of classification or shelving scheme Damaged status Not for loan Home library Current library Shelving location Date of accession Cost, normal purchase price Total Checkouts Full call number Barcode Date last seen Copy number Koha item type
Dewey Decimal Classification     JCC Rouf Library JCC Rouf Library General Stacks 11/19/2017 3.50   398.09 RAJ 1370 5594 11/19/2017 C-1 Books
Dewey Decimal Classification     JCC Rouf Library JCC Rouf Library General Stacks 04/04/2018 3.50   398.09 RAJ 1370 12781 04/04/2018 C-2 Books

JCC Library | Contacts | JCC Home

Last Update on 23 September 2017
Copyright @ 2017-2020 JCC Rouf Library
Rouf Library, Jhenidah Cadet College (JCC), Bangladesh